An introduction to statistical physics for students /

Guardado en:
Autor Principal: Pointon, Anthony John.
Formato: Libro
Idioma:English
Publicado: London : Longman, 1972.
Edición:[Corrected reprint].
Series:A Longman text
Materias:
Etiquetas: Agregar Etiqueta
Sin Etiquetas, Sea el primero en etiquetar este registro!
LEADER 00754nam a22002295a 4500
001 MAT.inmabb004740
008 821119r19721967enka##########001#0#eng##
005 20130225095159.0
245 1 3 |a An introduction to statistical physics for students /  |c A. J. Pointon. 
250 |a [Corrected reprint]. 
260 |a London :  |b Longman,  |c 1972. 
300 |a xi, 202 p. :  |b il. ;  |c 22 cm. 
490 0 |a A Longman text 
500 |a Originalmente publicado en 1967. 
020 |a 0582443288 
100 1 |a Pointon, Anthony John. 
650 0 |a Statistical mechanics. [from old catalog] 
650 0 |a Statistical thermodynamics. [from old catalog] 
084 |a 82-01  |2 msc2000 
010 |a  67105243  
040 |a DLC  |c CarP  |d DLC 
859 |h 82  |i P752  |p A-4196  |b BIB. MATEMATICA